| 000 | 00376nam a2200145Ia 4500 | ||
|---|---|---|---|
| 008 | 240729s9999 xx 000 0 und d | ||
| 022 | _a2531-6133 | ||
| 245 | 0 | _aUniversity of Bologna Law Review | |
| 260 | _aItaly | ||
| 260 | _bUniversity of Bologna | ||
| 650 | _aLaw | ||
| 856 | _uhttps://doaj.org/toc/50ddaf0d435d44fdb64d669771d3c9bd | ||
| 942 | _2ddc | ||
| 942 | _cDOAJEJ | ||
| 999 |
_c69571 _d69571 |
||
| 945 |
_a1 _bMadushi Gamage _c1 _dMadushi Gamage |
||